00604nam a2200193 a 4500008004100000020001800041050001400059100002100073245010300094250001200197260004700209300002100256500002300277650002200300650003200322650001600354700002000370700002000390130516s2008 ||||||||||||||||| || u a9780323045353 aRK 55 Den aFalace, Donald A10aDental management of the medically compromised patient. (7th ed.)cby James W. Little (and others) a7th ed. aSt. Louis, Missouri:bMosby Elsevierc2008 axii, 628p.: ill. aSCHOOL OF MEDICINE aSICK--DENTAL CARE aCHRONICALL ILL--DENTAL CARE 3aDENTAL CARE aLittle, James W aMiller, Craig S